LEADER 00572nas a2200169 i 4500 001 000000131418 003 CaOOAMICUS 005 20190404150238.0 008 041117b xx uu u0 0und r 013 $a104290 040 $aSeMil$bita 245 10$a[Annate 1945-1979]. 773 0 $tLaval Théologique et Philosophique.$dQuébec (Canada) : Université Laval $x0023-9054$w()2408 850 $aSeMil 852 $aSeMil$W1$xVenegono$y1$m7 4 1-36$j85396$B85396$CSeMilBibl$Z2$F89034 $82 996 $6245$a[Annate 1945-1979]$9(OLS)http://semarc/title/422550 LEADER 01053nam a2200265 i 4500 001 000000049394 003 CaOOAMICUS 005 20101120000000.0 008 101120s1988 it u000 u ita u 013 $a20564 020 $a88-7023-127-5 040 $aSeMil$bita 100 1 $aBigalli, Chiara.$0(OLS)http://semarc/name/24463 245 14$aLa «Casa di Nazareth» :$borigini e vicende (1859-1900) /$cChiara Bigalli. 260 $aMilano :$bNED,$ccopyr. 1988. 300 $a138 p. ;$c21 cm. 500 $aFondo Conti. 650 4$aMilano - Storia - Sec. 19.$0(OLS)http://semarc/subject/4456 650 4$aSuore della Riparazione.$0(OLS)http://semarc/subject/5716 850 $aSeMil 852 $aSeMil$W1$xVenegono$y1$m3J II 292$j15549$B15549$CSeMilBibl$Z2$F15549 $81 961 $aOmaggio: Conti Franco 996 $6020$a88-7023-127-5$9(OLS)http://semarc/number/22831 996 $6245$aLa «Casa di Nazareth» :$borigini e vicende (1859-1900)$9(OLS)http://semarc/title/75086 996 $6260$aMilano :$bNED$9(OLS)http://semarc/publisher/30187